000 01122cas a2200361 4500
001 data
005 20260322212109.0
008 data
035 _a11145738
906 _a7
_bcbc
_cserials
_du
_encip
_f19
_gn-oclcserc
010 _a 51037232
035 _a(OCoLC)3087757
040 _aDLC
_beng
_cDLC
_dOCLCQ
_dDLC
_dOCLCO
_dOCLCQ
_dOCLCF
_dOCLCQ
042 _apcc
050 0 0 _aBR45
_b.L5
245 0 0 _aLiselundbogen.
260 _aTønder,
_bT. Laursens bogtr.
300 _avolumes
_c21 cm
336 _atext
_btxt
_2rdacontent
337 _aunmediated
_bn
_2rdamedia
338 _avolume
_bnc
_2rdacarrier
362 0 _a-1977.
362 1 _aBegan in 1913.
_zCf. Dansk bogfortegnelse, 1909-14.
500 _aOn cover <1948-50>: Kirkeligt samfunds forlag i hovedkommission hos H. Hagerup, København.
650 0 _aTheology.
650 7 _aTheology.
_2fast
_0(OCoLC)fst01149559
710 2 _aKirkeligt samfund.
785 0 0 _tHilsen fra Liselund
_w(OCoLC)8155783
_w(OCoLC)8155783
890 _aLiselundbogen (Copenhagen)
_isv88-043581
920 _aKeep 1
991 _bc-GenColl
_hBR45
_i.L5
_wSERIALS
999 _c1627
_d1627